| 000 | 00562nam a2200181Ia 4500 | ||
|---|---|---|---|
| 999 |
_c5693 _d5693 |
||
| 008 | 200103s 1994 ||||xx |||||||||||||| ||und|| | ||
| 020 | _a0851744540 | ||
| 082 |
_a623.824 _bPUR |
||
| 100 | _aPursey, H. J. | ||
| 245 | 0 | _aMerchant ship construction : especially written for the merchant navy | |
| 250 | _a7th ed. | ||
| 260 |
_c1994 _aGlasgow _bBrown, Son & Ferguson Ltd |
||
| 300 | _axii, 217p. | ||
| 650 | _athe construction of oil tankers | ||
| 650 | _aShipyard practice | ||
| 650 | _aSurveys, Steel, Tonnage, Freeboard and Loadlines | ||
| 942 | _cBK | ||